MARC details
| 000 -CABECERA |
| campo de control de longitud fija |
01066nam a2200289 a 4500 |
| 001 - NÚMERO DE CONTROL |
| campo de control |
000040043 |
| 005 - FECHA Y HORA DE LA ÚLTIMA TRANSACCIÓN |
| campo de control |
20201002033901.0 |
| 008 - DATOS DE LONGITUD FIJA--INFORMACIÓN GENERAL |
| campo de control de longitud fija |
130805s1997 mx a 000 0 spa d |
| 020 ## - NÚMERO INTERNACIONAL ESTÁNDAR DEL LIBRO |
| Número Internacional Estándar del Libro |
9701023382 |
| 040 ## - FUENTE DE LA CATALOGACIÓN |
| Centro catalogador/agencia de origen |
DO-SdBNP |
| Lengua de catalogación |
spa |
| Centro/agencia transcriptor |
BNPHU |
| 082 ## - NÚMERO DE LA CLASIFICACIÓN DECIMAL DEWEY |
| Número de clasificación |
617.96 |
| Número de documento/Ítem |
A579c, 1997 |
| 245 00 - MENCIÓN DE TÍTULO |
| Título |
Anestesia clínica / |
| Mención de responsabilidad, etc. |
editado Paul G. Barash, Bruce F. Cullen, Robert K. Stoelting ; traducción Jorge Orizaga Samperio, Martha Elena Araiza M. , Eduardo Rivero Sigarroa. |
| 250 ## - MENCIÓN DE EDICIÓN |
| Mención de edición |
3a ed. |
| 260 ## - PUBLICACIÓN, DISTRIBUCIÓN, ETC. |
| Lugar de publicación, distribución, etc. |
México : |
| Nombre del editor, distribuidor, etc. |
McGraw-Hill, |
| Fecha de publicación, distribución, etc. |
1997. |
| 300 ## - DESCRIPCIÓN FÍSICA |
| Extensión |
2v. : |
| Otras características físicas |
il. ; |
| Dimensiones |
28 cm. |
| 500 ## - NOTA GENERAL |
| Nota general |
La biblioteca posee el v.1 |
| 534 ## - NOTA SOBRE LA VERSIÓN ORIGINAL |
| Encabezamiento principal del original |
Traducido de: Clinical anesthesis |
| 650 #4 - PUNTO DE ACCESO ADICIONAL DE MATERIA--TÉRMINO DE MATERIA |
| Término de materia o nombre geográfico como elemento de entrada |
Anestesía |
| 9 (RLIN) |
66289 |
| 650 #4 - PUNTO DE ACCESO ADICIONAL DE MATERIA--TÉRMINO DE MATERIA |
| Término de materia o nombre geográfico como elemento de entrada |
Anestesiología |
| 9 (RLIN) |
20118 |
| 700 12 - PUNTO DE ACCESO ADICIONAL--NOMBRE DE PERSONA |
| Nombre de persona |
Barash, Paul G. |
| Término indicativo de función/relación |
ed. |
| 9 (RLIN) |
66290 |
| 700 12 - PUNTO DE ACCESO ADICIONAL--NOMBRE DE PERSONA |
| Nombre de persona |
Cullen, Bruce F. , |
| Término indicativo de función/relación |
ed. |
| 9 (RLIN) |
66291 |
| 700 12 - PUNTO DE ACCESO ADICIONAL--NOMBRE DE PERSONA |
| Nombre de persona |
Stoelting, Robert K., |
| Término indicativo de función/relación |
ed. |
| 9 (RLIN) |
66292 |
| 700 12 - PUNTO DE ACCESO ADICIONAL--NOMBRE DE PERSONA |
| Nombre de persona |
Orizaga Samperio, Jorge, |
| Término indicativo de función/relación |
tr. |
| 9 (RLIN) |
66293 |
| 700 12 - PUNTO DE ACCESO ADICIONAL--NOMBRE DE PERSONA |
| Nombre de persona |
Araiza, Martha Elena, |
| Término indicativo de función/relación |
tr. |
| 9 (RLIN) |
66294 |
| 700 12 - PUNTO DE ACCESO ADICIONAL--NOMBRE DE PERSONA |
| Nombre de persona |
Rivero Sigarroa, Eduardo, |
| Término indicativo de función/relación |
tr. |
| 9 (RLIN) |
66295 |
| 910 ## - DATOS DE OPCIÓN DEL USUARIO (OCLC) |
| Datos de opción del usuario |
Validado. Control de calidad MFF |